Statystyki dla Państwa, leżące nad Morzem Lewantyńskim.

Kliknij tutaj aby rozwiązać quiz!

Ogólne statystyki

  • Ten quiz został rozwiązany 13 razy
  • Średni wynik to 7 z 8

Statystyki odpowiedzi

Odpowiedź% Poprawnych
2.Egipt
100%
3.Grecja
100%
8.Turcja
100%
1.Cypr
92%
4.Izrael
92%
7.Syria
92%
5.Liban
83%
6.Libia
83%

Rozkład punktacji

Percentyl według liczby udzielonych odpowiedzi

Procent ludzi z każdym wynikiem

Twoja historia wyników

Nie rozwiązałeś tego quizu